|
|
|
|
| LEADER |
00000nas a2200000 a 4500 |
| 001 |
ssj0000194 |
| 003 |
WaSeSS |
| 005 |
20200512172242.0 |
| 006 |
m d |
| 007 |
cr n |
| 008 |
020128c19609999txuqr pss 0 a0eng c |
| 010 |
|
|
|a 2002211016
|
| 015 |
|
|
|a GBB405259
|2 bnb
|
| 016 |
7 |
|
|a 2066961-6
|2 DE-600
|
| 016 |
7 |
|
|a 016584210
|2 Uk
|
| 022 |
|
|
|a 1538-4853
|l 0034-3552
|y 0034-3552
|
| 035 |
|
|
|a (WaSeSS)ssj0000194
|
| 037 |
|
|
|b PRO-ED Inc., 8700 Shoal Creek Blvd., Austin, TX 78757
|c $39.00 (individual, North America)
|c $109.00 (institution, North America)
|c $71.00 (individual, foreign)
|c $150.00 (institution, foreign)
|
| 040 |
|
|
|a NSD
|b eng
|c NSD
|d OCLCQ
|d NSD
|d OCLCQ
|d NSD
|d CGU
|d KSU
|d OCLCQ
|d PFM
|d OCLCQ
|d OCLCF
|d OCLCQ
|d OCLCO
|d OCLCQ
|d TSC
|d OCLCO
|d WT2
|d OCLCA
|d NLE
|d OCLCA
|d BUF
|d APUMS
|d OCLCQ
|d TOF
|d OCLCO
|d AU@
|d OCLCO
|d WYU
|d UKMGB
|d U3W
|d VT2
|d OCLCO
|d CNTRU
|d NJT
|d SFB
|d CNMTR
|d OCLCQ
|d OCLCO
|d OCLCA
|d WaSeSS
|
| 042 |
|
|
|a pcc
|a nsdp
|
| 050 |
1 |
4 |
|a HD7255.A2
|b R42
|
| 082 |
1 |
0 |
|a 361
|2 13
|
| 130 |
0 |
|
|a Rehabilitation counseling bulletin (Online)
|
| 210 |
0 |
|
|a Rehabil. couns. bull.
|b (Online)
|
| 222 |
|
0 |
|a Rehabilitation counseling bulletin
|b (Online)
|
| 245 |
1 |
0 |
|a Rehabilitation counseling bulletin
|h [electronic resource].
|
| 260 |
|
|
|a Austin, Tex. :
|b PRO-ED,
|c [1960]-
|
| 310 |
|
|
|a Quarterly
|
| 362 |
1 |
|
|a Print began with vol. 3, no. 3 (Sept. 1960).
|
| 506 |
|
|
|a License restrictions may limit access.
|
| 538 |
|
|
|a Mode of access: World Wide Web.
|
| 588 |
0 |
|
|a Vol. 45, no. 2 (winter 2002); title from title screen (viewed July 1, 2003).
|
| 588 |
1 |
|
|a Vol. 54, no. 4 (July 2011) (Sage Web site, viewed Aug. 17, 2011).
|
| 650 |
|
0 |
|a Rehabilitation
|v Periodicals.
|
| 650 |
|
2 |
|a Rehabilitation.
|
| 650 |
|
7 |
|a Rehabilitation.
|2 fast
|0 (OCoLC)fst01093291
|
| 655 |
|
0 |
|a Electronic journals.
|
| 776 |
0 |
8 |
|i Print version:
|t Rehabilitation counseling bulletin
|x 0034-3552
|w (DLC)sf 79000148
|w (OCoLC)3128510
|
| 780 |
0 |
0 |
|t Bulletin of rehabilitation counseling
|
| 856 |
4 |
0 |
|z Full text available from Research Library: 01/01/2000 to 04/30/2010
|u https://search.proquest.com/publication/41494
|